Diseño curricular

El texto muestra un modelo sistemático, para el diseño del currículo, basado en criterios técnicos y científicos, derivados de investigaciones básicas y aplicadas de los tecnólogos educativos y demás investigadores de la educación.

Gardado en:
Detalles Bibliográficos
Autor Principal: Másmela V., Gloria I.
Formato: Libro
Idioma:Spanish
Publicado: Bogotá: Universidad de la Sabana, 1985
Subjects:
Acceso en liña:Enlace del recurso
Tags: Engadir etiqueta
Sen Etiquetas, Sexa o primeiro en etiquetar este rexistro!

MARC

LEADER 00000nam a2200000 a 4500
001 001007
008 030502s1985 ck a fr# #000|0#spa#d
020 |a 958-12-0077-0 
041 0 |a spa 
043 |a s-ck--- 
082 0 4 |a 375.001  |b M175d 
100 1 |a Másmela V., Gloria I. 
245 1 0 |a Diseño curricular   |c Gloria I. Másmela V. 
260 |a Bogotá:  |b Universidad de la Sabana,  |c 1985 
300 |a 174 p.:  |b il., gráf., tabl. 
504 |a Incluye bibliografía y glosario 
520 3 |a El texto muestra un modelo sistemático, para el diseño del currículo, basado en criterios técnicos y científicos, derivados de investigaciones básicas y aplicadas de los tecnólogos educativos y demás investigadores de la educación. 
650 1 4 |a PLANIFICACIÓN CURRICULAR  |z COLOMBIA 
650 1 4 |a CURRÍCULO 
999 |c 3159  |d 3159 
856 |u https://catalogo.idep.edu.co/cgi-bin/koha/opac-detail.pl?biblionumber=3159  |z Enlace del recurso